000 00465nam a2200181Ia 4500
008 240925s9999 xx 000 0 und d
020 _a818561430X
082 _a621.3 COT
100 _aCotton, H.
245 0 _aAdvanced Electrical Technology
250 _a1st
260 _aAllahabad:
_bWheeler Publication
_c,1993.
300 _avii,106p.
_bNA
_fOriginal
500 _aIncludes Index
600 _aElectrical Engineering
650 _aTechnology
942 _cBK
999 _c2722
_d2722